000 00470nam a22001697a 4500
003 MPLRDC
005 20220104114740.0
008 210129b ||||| |||| 00| 0 eng d
082 _a628.5 XWXN
100 _a小俣行男
245 _a日本随军记者见闻录: 南京大屠杀
_c周晓萌译
250 _a一版二刷
260 _a
_b世界知识出版社
_c1986
300 _b
650 _a中国现代史; 民国史--中日战争
942 _cBK
_o628.5 XWXN
999 _c9915
_d9905